000 00303nam a2200109Ia 4500
008 220204s9999 xx 000 0 und d
082 _a339.18(438.11)
_bECO
245 0 _aEconomic and commercial reports: Warsaw
260 _aNew Delhi
_bMinistry of Foreign trade
_c1968
650 _aCommerce
942 _cBK
999 _c22100
_d22100